Rozpoznaj Kraj po opisie cz.2 - Statystyki

Ogólne statystyki
  • Ten quiz został rozwiązany 121 razy
  • Średni wynik to 8 z 15
Statystyki odpowiedzi
Wskazówka Odpowiedź % Poprawnych
Największy kraj pod względem powierzchni w Afryce do 2011 roku. Sudan
85%
W tym kraju znajduje się główna siedziba UE. Belgia
82%
Ten kraj słynie z produkcji kokainy. Kolumbia
80%
Afrykański kraj z niemal identyczną flagą co Rumunia. Czad
75%
Europejski kraj w który nie jest w UE i ma 3 urzędowe języki. Szwajcaria
67%
W tym kraju odbyły się mistrzostwa Europy w Piłce Nożnej w 2004 roku. Portugalia
64%
Kraj ten niedawno zmienił nazwę stolicy. Kazachstan
60%
Najmniejszy kraj w Afryce pod względem powierzchni. Seszele
50%
Ten kraj jest największym producentem mleka na świecie. Indie
46%
Kraj jest ten uznawany za najbezpieczniejsze państwo na świecie. Islandia
43%
Kraj ten najwcześniej świętuje nowy rok. Kiribati
39%
W tym kraju znajduje się najwięcej muzułmanów na świecie. Indonezja
33%
Najbardziej zanieczyszczony kraj na świecie. Bangladesz
29%
Największy Producent srebra na świecie. Meksyk
23%
W tym kraju jest najniższe średnie IQ (59) Gwinea Równikowa
17%
Nie znaleziono quizów pasujących do podanych kryteriów
Rozkład punktacji
Procent ludzi z każdym wynikiem
Percentyl według liczby udzielonych odpowiedzi
Twoja historia wyników
Nie rozwiązałeś tego quizu